| 000 -LEADER |
| fixed length control field |
00370 a2200145 4500 |
| 003 - CONTROL NUMBER IDENTIFIER |
| control field |
OSt |
| 005 - DATE AND TIME OF LATEST TRANSACTION |
| control field |
20240117095326.0 |
| 008 - FIXED-LENGTH DATA ELEMENTS--GENERAL INFORMATION |
| fixed length control field |
240117b ||||| |||| 00| 0 eng d |
| 020 ## - INTERNATIONAL STANDARD BOOK NUMBER |
| International Standard Book Number |
9781864708806 |
| 082 ## - DEWEY DECIMAL CLASSIFICATION NUMBER |
| Classification number |
724.6 |
| Item number |
JIN |
| 100 ## - MAIN ENTRY--PERSONAL NAME |
| Personal name |
Jing, Zhang, |
| 245 ## - TITLE STATEMENT |
| Title |
Louis I. Kahn : great architects redrawn |
| 260 ## - PUBLICATION, DISTRIBUTION, ETC. (IMPRINT) |
| Name of publisher, distributor, etc |
Images Publishing Group Pty Ltd |
| Date of publication, distribution, etc |
2020 |
| 942 ## - ADDED ENTRY ELEMENTS (KOHA) |
| Source of classification or shelving scheme |
|